| 000 | 00453 a2200121 4500 | ||
|---|---|---|---|
| 001 | ART_39576 | ||
| 005 | 20260410162012.0 | ||
| 008 | 260409a | ||
| 245 | 1 | 0 | _aEducación, formación profesional y enfoque de competencias |
| 100 | 1 | _aGarcía, Pablo Sebastián | |
| 700 | 1 | _aMarsanasco, Ana | |
| 773 | 0 |
_tDocumentos del CIECE _gEnsayos sobre investigación del comportamiento de las organizaciones - Nº 5 (jul./dic. 2008) _wREV39541 |
|
| 999 |
_c32276 _d32276 |
||